Prestavba manuálneho sústruhu na CNC

Gespeichert in:
Bibliographische Detailangaben
1. Verfasser: Bachorec, Peter (Verfasst von)
Weitere Verfasser: Dzurilla, Michal (Betreuung Doktorarbeit)
Format: Manuskript Buch
Sprache:Slowakisch
Veröffentlicht: 2021
Schlagworte:
Online-Zugang:http://is.stuba.sk/zp/portal_zp.pl?podrobnosti=157118
Tags: Tag hinzufügen
Keine Tags, Fügen Sie das erste Tag hinzu!

MARC

LEADER 00000ntm a22000003a 4500
001 stuzp85190
003 SK-STU
005 20210612213816.0
007 ta
008 150427s2015----xo-----f-mn---000-0-slo-d
040 |a STU  |b slo 
041 0 |a slo 
100 1 |a Bachorec, Peter  |u 020010  |k Z4  |4 aut  |U SjF Strojnícka fakulta  |T SjF Ústav aplikovanej mechaniky a mechatroniky  |X 87293  |U J0010  |Y 801  |7 87293 
242 0 1 |a Conversion of manual lathe to CNC  |y eng 
245 1 0 |a Prestavba manuálneho sústruhu na CNC 
260 |c 2021 
650 4 |a sústruh  |2 slo 
650 4 |a CNC  |2 slo 
650 4 |a 3D tlač  |2 slo 
650 4 |a krokové motory  |2 slo 
650 4 |a Arduino  |2 slo 
650 4 |a lathe  |2 eng 
650 4 |a 3D printing  |2 eng 
650 4 |a Arduino  |2 eng 
650 4 |a CNC  |2 eng 
650 4 |a stepper motors  |2 eng 
700 1 |a Dzurilla, Michal  |u 020010  |k Z2  |4 ths  |U SjF Strojnícka fakulta  |T SjF Ústav aplikovanej mechaniky a mechatroniky  |X 68105  |U J0010  |Y 801  |7 A000068105 
856 4 |u http://is.stuba.sk/zp/portal_zp.pl?podrobnosti=157118